Normal view
MARC view
- Roe, Harry Burgess,C.E
Entry Personal Name
001 - CONTROL NUMBER
- control field: 375
003 - CONTROL NUMBER IDENTIFIER
- control field: OSt
005 - DATE AND TIME OF LATEST TRANSACTION
- control field: 20160613120222.0
008 - FIXED-LENGTH DATA ELEMENTS
- fixed length control field: 160613|| aca||aabn | a|a d
040 ## - CATALOGING SOURCE
- Original cataloging agency: OSt
- Transcribing agency: OSt
100 ## - HEADING--PERSONAL NAME
- Personal name: Roe, Harry Burgess,C.E
670 ## - SOURCE DATA FOUND
- Source citation: Work cat.: (OSt)13665: Roe, Harry Burgess,C.E Ayres,Quincy Claude,C.E, Engineering for agricultural drainage, 2011
